| 000 | 00976cam a2200289 a 4500 | ||
|---|---|---|---|
| 001 | 4506153 | ||
| 003 | OSt | ||
| 005 | 20150528124304.0 | ||
| 008 | 980317s1998 dcu b i000 0 eng | ||
| 010 | _a 98017913 | ||
| 020 | _a0821342150 | ||
| 040 |
_aDLC _cDLC _dDLC |
||
| 043 | _ad------ | ||
| 050 | 0 | 0 |
_aHG3881.5.W57 _bP67 1998 |
| 082 | 0 | 0 |
_a388 W57p 1998 _221 |
| 245 | 0 | 0 |
_aPost-conflict reconstruction : _bthe role of the World Bank. |
| 260 |
_aWashington, D.C. : _bWorld Bank, _cc1998. |
||
| 300 |
_ax, 69 p. ; _c23cm. |
||
| 504 | _aIncludes bibliographical references (p. 69). | ||
| 610 | 2 | 0 |
_aWorld Bank. _9955 |
| 650 | 0 |
_aEconomic assistance _zDeveloping countries. _95044 |
|
| 710 | 2 |
_aWorld Bank. _9955 |
|
| 856 | 7 |
_3Table of contents _uhttp://lcweb.loc.gov/catdir/toc/98-17913.html _2http |
|
| 906 |
_a7 _bcbc _corignew _d1 _eocip _f19 _gy-gencatlg |
||
| 942 |
_2z _cSLOAN |
||
| 999 |
_c1918 _d1918 |
||